• 首页
  • 本馆介绍
  • 公告通知
  • 最新文献
  • 馆藏检索
  • 电子资源
  • 读者导购
  • 参考咨询
  • 我的图书馆
  • 登录
  • 详细信息显示
  • 放入我的书架
  • 预约/预借图书
  • 作者相关作品
  • 分类相关作品
  • 丛书相关作品
  • 出版社相关作品

书目信息

  • 表格格式
  • 工作单格式
  • 卡片格式
题名:
无形资产学
    
 
作者: 蔡吉祥
分册:  
出版信息: 深圳   海天出版社  1999
页数: 366
开本: 20cm
丛书名:
单 册:
中图分类: F014.4
科图分类:
主题词: 政治经济学--概论
电子资源:
ISBN: 7-80615-994-0
000 00495nam0 2200181 450
001 0760515518
005 20070817164835.51
010    @a7-80615-994-0@d¥20.00
100    @a20070817d km y0chiy0120 ea
101 0  @achi
200 1  @a无形资产学@Awu xing zi chan xue@f蔡吉祥@Fcai ji xiang
210    @a深圳@c海天出版社@d1999
215    @a366@d20cm
606 0  @a政治经济学@x概论
690    @aF014.4@v3
701  0 @a蔡吉祥@Acai ji xiang
801  0 @aCN@bPFT@c20070817
905    @a213230@dF014.4@eg18@f1
    
    无形资产学/蔡吉祥.-深圳:海天出版社,1999
    366;20cm
    
    
    ISBN 7-80615-994-0:¥20.00
    
●
相关链接 在E读中查询图书 在五车中查询图书 在当当中查询图书 在豆瓣中查询图书


正题名:无形资产学     索取号:F014.4/g18         预约/预借

序号 登录号 条形码 馆藏地/架位号 状态 备注
1 6501622   265016225   密集书库-海洋学院/ [索取号:F014.4/g18] 在馆    
唐山师范学院图书馆 欢迎您!
大连网信软件有限公司© 版权所有